Česká mluvnice

Salvato in:
Dettagli Bibliografici
Autore principale: Havránek, Bohuslav
Altri autori: Jedlička, Alois
Natura: Libro
Lingua:ceco
Pubblicazione: Praha Státní pedagogické nakladatelství 1986
Edizione:5. vyd.
Serie:Učebnice pro vysoké školy
Tags: Aggiungi Tag
Nessun Tag, puoi essere il primo ad aggiungerne!!

MARC

LEADER 00000nam a2200000 4500
001 c106043
005 20041019155136.0
041 0 |a cze 
044 |a CZ 
245 1 0 |a Česká mluvnice  |c Bohuslav Havránek, Alois Jedlička 
250 |a 5. vyd. 
264 1 |a Praha  |b Státní pedagogické nakladatelství  |c 1986 
300 |a 568 s. 
490 1 |a Učebnice pro vysoké školy 
830 0 |a Učebnice pro vysoké školy 
100 1 |a Havránek, Bohuslav 
700 1 |a Jedlička, Alois